00855nam a22001817a 450000500170000000800410001702000180005805000260007624502250010225000220032726000670034930000350041650000280045165000510047965000470053070000470057770000490062420190803131838.0161205b2012 mx ||||| |||| 00| 0dspa d a978607402524804aHV6322.3.M3bD47 201200aDesaparición forzada y terrorismo de Estado en México. b: memorias de la represión en Atoyac, Guerrero durante la década de los setenta c/ (Coordinadoras) Andrea Radilla Martínez, Claudia E. G. Rangel Lozano. aPrimera edición aMéxico :bUniversidad Autónoma de Guerrero : AFADEM,c2012 a299 páginas ;bil. ;c23 cm. aIncluye bibliografía  72lembaViolencia políticavSiglo XXxHistoria 72lembaDesaparición de personaszMéxico1 aRadilla Martínez, Andrea,ecoordinadoras1 aRangel Lozano, Claudia E. G.,ecoordinadoras